|
|
|
|
| LEADER |
01069cam a2200253 a 4500 |
| 008 |
971120s1998 maua b 001 0 eng |
| 010 |
|
|
|a 97044023
|
| 020 |
|
|
|a 0867208600 (hardcover)
|
| 082 |
0 |
0 |
|a 572.8
|2 21
|
| 100 |
1 |
|
|a Malacinski, George M.
|
| 245 |
1 |
0 |
|a Essentials of molecular biology /
|c George M. Malacinski, David Freifelder.
|
| 246 |
3 |
0 |
|a Molecular biology
|
| 250 |
|
|
|a 3rd ed.
|
| 260 |
|
|
|a Boston :
|b Jones and Bartlett Publishers,
|c c1998.
|
| 300 |
|
|
|a xxi, 532 p. :
|b ill. (some col.) ;
|c 26 cm.
|
| 500 |
|
|
|a Freifelder's name appears first on the earlier edition.
|
| 504 |
|
|
|a Includes bibliographical references (p. 491-495) and index.
|
| 650 |
|
0 |
|a Molecular biology.
|
| 700 |
1 |
|
|a Freifelder, David,
|
| 906 |
|
|
|a 7
|b cbc
|c orignew
|d 1
|e ocip
|f 19
|g y-gencatlg
|
| 942 |
|
|
|c BK
|
| 955 |
|
|
|a pc14 to ja00 11-20-97; jb08 11-21-97;jb02 11-24-97; CIP ver. pv04 03-24-98
|
| 999 |
|
|
|c 152013
|d 152013
|
| 952 |
|
|
|0 0
|1 0
|4 0
|6 571_600000000000000_MAL_E
|7 0
|9 162479
|a BIO
|b BIO
|c ST1
|d 2018-08-23
|g 0.00
|i 551
|l 1
|m 2
|o 571.6 MAL / E
|p BIO551
|r 2017-10-24
|s 2017-02-17
|w 2018-08-10
|y BK
|